000 02082cam a2200289 4500500
005 20260426025541.0
041 _afre
042 _adc
100 1 0 _ade Mijolla-Mellor, Sophie
_eauthor
245 0 0 _aLa pensée archaïque dans les mythes magico-sexuels
260 _c2003.
500 _a96
520 _aLe mythe est en tension entre l’individuel et le collectif, travaillé par l’approche psychanalytique et anthropologique dans cette double dimension. Cet article développe, à partir de la notion de « mythe magico-sexuel» des rapprochements avec l’analyse des mythes et celle de leur place dans la psyché individuelle et dans les cultures telles que nous les proposent des anthropologues contemporains : Patrice Bidou, Jacques Galinier, Bernard Juillerat et Pierre Pacaud. Il souligne aussi la place que tient le mythe dans la clinique psychanalytique à partir de l’exemple d’un rêve analysé en fonction du mythe de Niobé.
520 _aArchaic Thought in Magico-Sexual Myths. Myths lie at the point of tension between the individual and society and can be approached from both the psychoanalytical and anthropological points of view. This article develops the notion of ‘magico-sexual myths’ and draws parallels between this and the analysis of myths and the role they play in the individual psyche and in the cultures studied by contemporary anthropologists : Patrice Bidou, Jacques Galinier, Bernard Juillerat and Pierre Pacaud. The importance of myths in clinical psychoanalysis is also examined, illustrated by an example from a dream analysed in connection with the myth of Niobe.
690 _a« Complexe de Niobé ».
690 _aAnthropologie
690 _aAnthropology
690 _aArchaic thought
690 _aMythe
690 _aMyths
690 _aNiobe complex
690 _aOrigin
690 _aOrigine
690 _aPensée archaïque
786 0 _nTopique | 84 | 3 | 2003-09-01 | p. 17-31 | 0040-9375
856 4 1 _uhttps://shs.cairn.info/revue-topique-2003-3-page-17?lang=fr&redirect-ssocas=7080
999 _c2227531
_d2227531